01603cam a22003255a 4500999001700000001000800017003000900025005001700034008004100051020001500092020001800107040004500125082002400170245007400194246005300268264009100321300002700412336002600439337002800465338002700493500006300520504005100583520032900634650005300963653003901016655001701055700004001072942002801112952013701140 c20605d205772190194EG-ScBUE20200209110744.0730222s2013 enk f b 001 0 eng d a0582484227 a9780582484221 aDLCbengerdacDLCdEG-ScBUE dEG-ScBUE 04a801.950904bTWE22210a20th century literary criticism :ba reader /cedited by David Lodge.3 aTwentieth century literary criticism :ba reader 1aMilton Park, Abingdon, Oxon ;aNew York :bRoutledge, Taylor and Francis Group,c2013. axx, 683 pages ;c24 cm 2rdacontentatextbtxt 2rdamediaaunmediatedbn 2rdacarrieravolumebnc aOriginally Published by : Pearson Education Limited, 1972. aIncludes bibliographical references and index. aTwentieth-Century Literary Criticism is an anthology of key representative works by fifty leading modern literary critics writing before the structuralist revolution. The critics collected together in this volume have been drawn from England, America and Europe, and each essay has been prefaced by an editor's introduction. 7aLiteraturexHistory and criticism.2BUEsh930809 cAugust2015cNovember2015bHHUUEENN vReading book1 aLodge, David,d1935-eeditor.95272 2ddck801.950904 TWEcBB 00102ddc4070aMAINbMAINc2NDd2015-08-19ePurchaseg418.00h21782l0o801.950904 CENp000030705r2025-07-15 00:00:00v523.00yBB